| 000 | 01016nam a2200265 a 4500 | ||
|---|---|---|---|
| 001 | BRCA_5362 | ||
| 005 | 20190320205040.0 | ||
| 008 | 081210s1874----sp-######v---#000-0#spa-# | ||
| 041 | _aspa | ||
| 044 | _asp | ||
| 084 |
_aDOC4 _b.F43 _c1874 _pD1995 |
||
| 100 | 1 |
_aRamón, Federico de _913728 |
|
| 245 | 1 | 0 |
_aDocumento español siglo XIX _cFederico de Ramón. |
| 260 |
_aEspaña _c1874 |
||
| 300 |
_a[1] foja _c21 x 30 cm. |
||
| 500 | _aDocumento firmado el 31 de marzo de 1874. | ||
| 500 | _aDocumento en el cual el Ayuntamiento Popular de Santander nombra como Segundo Comandante de Batallón a Don Federico de Ramón. | ||
| 500 | _aContiene escudo y lema: ´MILICIA NACIONAL DE SANTANDER´. | ||
| 500 | _aDonación del Sr. Gonzalo Tassier el 10 de agosto de 1995. | ||
| 506 | 0 | _aFondo Reservado. Para su consulta es necesario credencial de usuario y carta de motivos. | |
| 546 | _aTexto en: español de finales del siglo XIX | ||
| 600 | 1 | 4 |
_aRamón, Federico de _913728 |
| 902 | _aDDH | ||
| 942 |
_2lcc _cD |
||
| 999 |
_c5056 _d5056 |
||